| 000 | 00863cab a2200241 4500 | ||
|---|---|---|---|
| 001 | ABS50030 | ||
| 008 | 090401t1993 xxu||||| |||| 00| 0 eng d | ||
| 035 | _a(Sirsi) u73746 | ||
| 041 | _aeng | ||
| 100 | _aVarcoe, B.J. | ||
| 245 | _aFacilities performance: achieving value-for-money through performance measurement and benchmarking | ||
| 260 | _c1993 | ||
| 350 | _a0 | ||
| 490 |
_aProperty Management _v11(4) Autumn 1993, 301-307(7) |
||
| 520 | _aReviews the techniques of performance measurement and benchmarking as being a fundamental way in which such objectives can be consistently delivered. Illustrated by practical examples. | ||
| 650 | _aBENCHMARKING | ||
| 650 |
_aFACILITIES MANAGEMENT _96240 |
||
| 650 | _aOCCUPANCY COSTS | ||
| 650 | _aPERFORMANCE MEASUREMENT | ||
| 690 | _aPROPERTY LAW AND PRACTICE | ||
| 942 | _n0 | ||
| 948 | _c04/03/1997 | ||
| 999 |
_c46556 _d46556 |
||